Housebuilding statistics October 2001 (Record no. 69090)

MARC details
000 -LEADER
fixed length control field 00670cam a2200193 4500
001 - CONTROL NUMBER
control field WB3747-02
008 - FIXED-LENGTH DATA ELEMENTS--GENERAL INFORMATION
fixed length control field 011212n2001 000 0 eng u
035 ## - SYSTEM CONTROL NUMBER
System control number (Sirsi) u115972
245 ## - TITLE STATEMENT
Title Housebuilding statistics October 2001
260 ## - PUBLICATION, DISTRIBUTION, ETC.
Date of publication, distribution, etc. 2001
490 ## - SERIES STATEMENT
Series statement DTLR News Release
Volume/sequential designation 6 December 2001, (3)
520 ## - SUMMARY, ETC.
Summary, etc. It is provisionally estimated that in October 2001 16,300 dwellings were started in Great Britain. This compares with 13,900 in October 2000. There were 15,900 completions, compared with 15,000 in 2000.
590 ## - LOCAL NOTE (RLIN)
Local note WB
650 ## - SUBJECT ADDED ENTRY--TOPICAL TERM
Topical term or geographic name entry element HOUSE BUILDING
650 ## - SUBJECT ADDED ENTRY--TOPICAL TERM
Topical term or geographic name entry element STATISTICS
650 ## - SUBJECT ADDED ENTRY--TOPICAL TERM
Topical term or geographic name entry element NEW STARTS
690 ## - LOCAL SUBJECT ADDED ENTRY--TOPICAL TERM (OCLC, RLIN)
Topical term or geographic name as entry element BUILT ENVIRONMENT
942 ## - ADDED ENTRY ELEMENTS (KOHA)
Suppress in OPAC 0
Holdings
Withdrawn status Lost status Source of classification or shelving scheme Damaged status Not for loan Home library Current library Shelving location Date acquired Total Checkouts Full call number Barcode Date last seen Copy number Price effective from Koha item type
    Dewey Decimal Classification     London London News article 12/12/2001   WB3747-02 115972-1001 06/08/2019 1 06/08/2019 News article